000 00665nam a2200289Ia 4500
005 20260324143554.0
008 008 260324s9999 xx 000 0 eng d
020 _a9781315212036
037 _aEBOOK
040 _aCRL
040 _beng
040 _cCRL
041 _2eng
041 _aeng
084 _qCRL
100 _aKenneth Button
_91216126
245 0 _aAirline Deregulation
245 0 _bInternational Experiences
260 _bTaylor and Francis
260 _c1991
365 _a
365 _b130
856 _uhttp://www.taylorfrancis.com/books/9781315212036
942 _cEBOOK
999 _c1821681
_d1821681